| 000 | 01061cam a2200277 a 4500 | ||
|---|---|---|---|
| 001 | 000003789 | ||
| 003 | DO-SdBNP | ||
| 005 | 20220721112449.0 | ||
| 007 | ta | ||
| 008 | 870909s1989 sp a 000 f spa | ||
| 020 | _a8471768798 | ||
| 040 |
_aDO-SdBNP _bspa _cBNPHU |
||
| 082 | 4 |
_a813.54 _bN696c _222 |
|
| 100 | 1 |
_aNiles, Douglas, _d1954- _911515 |
|
| 240 | 1 | 0 |
_aEscape from Castle Quarras. _lespañol. |
| 245 | 1 | 3 |
_aEl castillo de Quarras : _btú eres el héroe, Crea tu propio personaje, El resto depende de los dados y la suerte / _cNiles Douglas ; traducción Marta Pérez. |
| 260 |
_aBarcelona, España : _bTimun Más, _c1989. |
||
| 300 |
_a188 p. : _bil. ; _c18 cm. |
||
| 490 | 1 |
_aAventura Juego-2 de Dungeon & Dragons _v2 |
|
| 505 | 0 |
_aTú eres el héroe-- _tCrea tu propio personaje -- _tEl resto depende de los dados y la suerte. |
|
| 650 | 4 |
_aNovela estadounidense _9262 |
|
| 650 | 4 |
_aLiteratura estadounidense _9263 |
|
| 700 | 1 |
_aMarta Pérez, _etraductor _911516 |
|
| 830 | 0 |
_aAventura Juego-2 de Dungeon & Dragons ; _911517 _n2 |
|
| 942 |
_2ddc _cLBS1 |
||
| 999 |
_c3611 _d3611 |
||